The noble scholar, jurist, historian


 His Excellency Dr. Abdul Wahhab bin Ibrahim Abu Sulaiman, may Allah have mercy on him.


 He was born in Umm Al-Qura in the year 1356 AH.

الإجماع : (Record no. 12594)

MARC details
000 -LEADER
fixed length control field 01308cam a22002891i 4500
003 - CONTROL NUMBER IDENTIFIER
control field SA-RiAUC
005 - DATE AND TIME OF LATEST TRANSACTION
control field 20251019133558.0
008 - FIXED-LENGTH DATA ELEMENTS--GENERAL INFORMATION
fixed length control field 251009s1993 le f b 001 0 ara c
040 ## - CATALOGING SOURCE
Original cataloging agency SA-RiNAUS
Language of cataloging ara
Transcribing agency SA-RiAUC.
Description conventions rda
082 04 - DEWEY DECIMAL CLASSIFICATION NUMBER
Classification number 251.13
Assigning agency SA-RiAUC
090 ## - LOCALLY ASSIGNED LC-TYPE CALL NUMBER (OCLC); LOCAL CALL NUMBER (RLIN)
Classification number (OCLC) (R) ; Classification number, CALL (RLIN) (NR) 251.13
Local cutter number (OCLC) ; Book number/undivided call number, CALL (RLIN) ج ص ا
100 1# - MAIN ENTRY--PERSONAL NAME
Personal name الجصاص، أحمد بن علي الرازي،
Dates associated with a name 305-370 هجري
Relator term مؤلف.
245 12 - TITLE STATEMENT
Title الإجماع :
Remainder of title دراسة في فكرته من خلال تحقيق باب الإجماع /
Statement of responsibility, etc. أبو بكر الجصاص ؛ تحقيق ودراسة زهير شفيق كبي.
264 #1 - PRODUCTION, PUBLICATION, DISTRIBUTION, MANUFACTURE, AND COPYRIGHT NOTICE
Place of production, publication, distribution, manufacture بيروت :
Name of producer, publisher, distributor, manufacturer دار المنتخب العربي :
-- المؤسسة الجامعية للدراسات والنشر والتوزيع،
Date of production, publication, distribution, manufacture, or copyright notice 1993
300 ## - PHYSICAL DESCRIPTION
Extent 240 صفحة ؛
Dimensions 24 سم.
336 ## - CONTENT TYPE
Content type term نص
Content type code txt
Source rdacontent
Materials specified كتاب
337 ## - MEDIA TYPE
Media type term بدون وسيط
Media type code n
Source rdamedia
338 ## - CARRIER TYPE
Carrier type term مجلد
Carrier type code nc
Source rdacarrier
490 0# - SERIES STATEMENT
Series statement دراسات إسلامية
500 ## - GENERAL NOTE
General note يشتمل على كشافات.
504 ## - BIBLIOGRAPHY, ETC. NOTE
Bibliography, etc. note يشتمل على إرجاعات ببليوجرافية.
504 ## - BIBLIOGRAPHY, ETC. NOTE
Bibliography, etc. note ببليوجرافية : صفحة 224-236.
650 #7 - SUBJECT ADDED ENTRY--TOPICAL TERM
Topical term or geographic name entry element الإجماع (أصول فقه)
Source of heading or term aucsh
700 1# - ADDED ENTRY--PERSONAL NAME
Personal name كبي، زهير شفيق
Relator term محقق.
942 ## - ADDED ENTRY ELEMENTS (KOHA)
Source of classification or shelving scheme Dewey Decimal Classification
Koha item type Books
Suppress in OPAC No
949 ## - LOCAL PROCESSING INFORMATION (OCLC)
a SA-JeALM
d 251009
u mohamedma123
n 1
Holdings
Withdrawn status Lost status Source of classification or shelving scheme Damaged status Not for loan Home library Current library Date acquired Total checkouts Full call number Barcode Date last seen Price effective from Koha item type
    Dewey Decimal Classification     DR AbdElwahab Library DR AbdElwahab Library 10/19/2025   251.13 ج ص ا 000020327 10/19/2025 10/19/2025 Books